Pokémon ayant le plus de bulk - Statistiques

Statistiques générales
  • Ce quiz a été pris 63 fois
  • Le résultat moyen est 52 sur 105
Statistiques - réponses
Bulk Pokémon % Correct
330 Groudon 383
83%
330 Kyogre 382
83%
350 Primo-Groudon 383
83%
350 Primo-Kyogre 382
83%
400 Leuphorie 242
78%
360 Arceus 493
75%
390 Giratina Alternative 487
75%
350 Giratina Originelle 487
75%
360 Leveinard 113
75%
390 Lugia 249
75%
314 Méga-Tortank 009
75%
350 Ho-Oh 250
72%
320 Reshiram 643
72%
335 Ronflex 143
72%
320 Zekrom 644
72%
320 Dialga 483
69%
340 Dialga Originelle 483
69%
305 Méga-Rayquaza 384
69%
310 Palkia 484
69%
310 Palkia Originelle 484
69%
330 Regigigas 486
69%
319 Xerneas 716
69%
432 Zygarde 100% 718
69%
324 Zygarde 50% 718
69%
323 Méga-Florizarre 003
67%
319 Yveltal 717
67%
480 Caratroc 213
64%
305 Kyurem 646
64%
315 Kyurem Blanc 646
64%
315 Kyurem Noir 646
64%
306 Méga-Mewtwo X 150
64%
400 Méga-Steelix 208
64%
380 Regice 378
64%
380 Registeel 379
64%
340 Steelix 208
64%
380 Méga-Galeking 306
61%
370 Méga-Tyranocif 248
61%
380 Regirock 377
61%
330 Éthernatos 890
58%
755 Éthernatos Infinimax 890
58%
310 Galeking 306
58%
340 Méga-Métalosse 376
58%
310 Tyranocif 248
58%
322 Zamazenta 889
58%
382 Zamazenta Bouclier Suprême 889
58%
370 Cresselia 488
56%
315 Méga-Drattak 373
56%
350 Méga-Latias 380
56%
322 Zacian 888
56%
322 Zacian Épée Suprême 888
56%
370 Deoxys Forme Défense 386
53%
318 Méga-Carchacrok 445
53%
320 Méga-Laggron 260
53%
344 Prédastérie 748
53%
333 Solgaleo 791
53%
373 Ama-Ama 805
50%
315 Artikodin 144
50%
333 Lunala 792
50%
333 Necrozma Ailes de l'Aurore 800
50%
333 Necrozma Crinière du Couchant 800
50%
305 Sulfura de Galar 146
50%
366 Bastiodon 411
47%
303 Heatran 485
47%
350 Diancie 719
44%
329 Engloutyran 799
44%
305 Lokhlass 131
44%
334 Méga-Léviator 130
44%
325 Séracrawl 713
44%
315 Séracrawl de Hisui 713
44%
330 Suicune 245
44%
315 Monaflèmit 289
42%
310 Muplodocus 706
42%
330 Muplodocus de Hisui 706
42%
335 Noctali 197
42%
301 Bamboiselle 797
39%
335 Créhelf 480
39%
343 Melmetal 809
39%
355 Méga-Flagadoss 080
36%
355 Méga-Nanméouie 531
36%
321 Noacier 598
36%
306 Qulbutoke 202
36%
380 Sylveroy Cavalier du Froid 898
36%
305 Méga-Kangourex 115
33%
350 Strassie 703
33%
340 Exagide Forme Parade 681
31%
310 Méga-Cizayox 212
31%
315 Noctunoir 477
31%
340 Blizzeval 896
28%
305 Ékaiser 784
28%
355 Tarinorme 476
28%
315 Ursaking 901
25%
310 Magearna 801
19%
315 Tokopisco 788
19%
305 Zarude 893
19%
305 Cosmovum 790
17%
305 Méga-Pharamp 181
17%
305 Meloetta 648
17%
315 Concombaffe 771
14%
315 Darumacho Mode Transe 555
14%
320 Monthracite 839
14%
310 Froussardine Banc 746
11%
308 Tutankafer 563
11%
308 Tutétékri 867
8%
310 Vaututrice 630
8%
305 Sarmuraï 768
3%
Aucun quiz correspondant
Distribution des résultats
% des personnes avec chaque résultat
Percentile par nombre de réponses
Votre historique - résultats
Vous n’avez pas pris ce quiz